000 01042naa a22003137a 4500
001 BR7404894
003 BR-BrBNA
005 20250709164619.0
007 ta
008 250630b bl.|||m| |||| 00| 0 por d
040 _aBR-BrBNA
_bpor
_cBiblioteca Nacional de Agricultura
041 _a(Pt)
072 _aQ10
_b0230
_b9390
090 _aQ10 BR7404894
100 1 _aDelgado, A.A.
100 1 _aBittencourt, W.
245 1 _aA aplicacao de resinas cationicas e anionicas na clarificacao do caldo de cana, xaropes e caldas de acucar demerada [Saccharum officinarum]
500 _aRelatorio do bienio 1972/1973 Piracicaba, SP (Brasil): [nd]. p. 23 [Summary only] (BR7404894-AMS)
650 _aCANA DE ACUCAR
650 _aCALDO DE CANA
650 _aXAROPE
650 _aRESINA
650 _aCATION
650 _aANION
650 _aCLARIFICACAO
490 _aRelatorio - Escola Superior de Agricultura Luiz de Queiroz. Depto. de Tecnologia Rural (Brazil)
942 _cAMS
_2AGRIS
909 _a202506
_bLúcia
_c55
_dLúcia Elande
999 _c332692
_d332692